<?xml version='1.0' encoding='UTF-8'?><?xml-stylesheet href='static/style.xsl' type='text/xsl'?><OAI-PMH xmlns="http://www.openarchives.org/OAI/2.0/" xmlns:xsi="http://www.w3.org/2001/XMLSchema-instance" xsi:schemaLocation="http://www.openarchives.org/OAI/2.0/ http://www.openarchives.org/OAI/2.0/OAI-PMH.xsd"><responseDate>2026-05-01T10:00:51Z</responseDate><request verb="GetRecord" identifier="oai:ebiltegia.mondragon.edu:20.500.11984/1578" metadataPrefix="marc">https://ebiltegia.mondragon.edu/oai/request</request><GetRecord><record><header><identifier>oai:ebiltegia.mondragon.edu:20.500.11984/1578</identifier><datestamp>2024-04-15T15:46:45Z</datestamp><setSpec>com_20.500.11984_460</setSpec><setSpec>col_20.500.11984_465</setSpec></header><metadata><record xmlns="http://www.loc.gov/MARC21/slim" xmlns:dcterms="http://purl.org/dc/terms/" xmlns:xsi="http://www.w3.org/2001/XMLSchema-instance" xmlns:doc="http://www.lyncode.com/xoai" xsi:schemaLocation="http://www.loc.gov/MARC21/slim http://www.loc.gov/standards/marcxml/schema/MARC21slim.xsd">
   <leader>00925njm 22002777a 4500</leader>
   <datafield ind2=" " ind1=" " tag="042">
      <subfield code="a">dc</subfield>
   </datafield>
   <datafield ind2=" " ind1=" " tag="720">
      <subfield code="a">Urizar, Ane</subfield>
      <subfield code="e">author</subfield>
   </datafield>
   <datafield ind2=" " ind1=" " tag="260">
      <subfield code="c">2018</subfield>
   </datafield>
   <datafield ind2=" " ind1=" " tag="520">
      <subfield code="a">Tesi-lan honetan EAEn bizi diren eta jatorri marokoarra duten 11 gazteren (4 neska eta 7 mutil; 2 EAEn jaioak eta beste 9ak Marokon) sozializazio prozesua aztertzen dugu, gazte horiek txertatuta dauden hiru eremu nagusiak aintzat hartuta: familia eremua, eskola eremua eta lagun arteko eremua. Sozializazio&#xd;
prozesu horretan eta preseski hiru eremuetan gazte hauek dituzten esperientziez, haien iguripenez, inguruan dituzten pertsonekin dituzten interakzioez eta abar luze batez arituko gara, ahaztu gabe haiengan eragin zuzena duten bi faktore garrantzitsu: gazte horiek kultura bat baino gehiago hartzen dutela erreferentziatzat eta neska edota mutil izanik diferentzialki sozializatzen direla.</subfield>
   </datafield>
   <datafield ind2=" " ind1=" " tag="520">
      <subfield code="a">In this research we analyze the socialization process of 11 young people of Moroccan origin living in the Basque Autonomous Community (4 girls and 7 boys, 2 born in the Basque Autonomous Community and the other 9 in Morocco), taking into account the three main environments they are integrated in: the family environment, the school environment and their friends environment. We will focus on this process of socialization and, precisely, on the experiences these young people live in these three environments, on their expectations, on their interactions with people around them, etc., without forgetting the two main factors directly influencing them: these young people take up more than one culture as a reference, and girls and boys socialize differently.</subfield>
   </datafield>
   <datafield ind1="8" ind2=" " tag="024">
      <subfield code="a">https://katalogoa.mondragon.edu/janium-bin/janium_login_opac.pl?find&amp;ficha_no=149100</subfield>
   </datafield>
   <datafield ind1="8" ind2=" " tag="024">
      <subfield code="a">https://hdl.handle.net/20.500.11984/1578</subfield>
   </datafield>
   <datafield ind2="0" ind1="0" tag="245">
      <subfield code="a">Euskal Autonomia Erkidegoan bizi den eta jatorri marokoarra duen gazte talde baten sozializazio prozesuaren azterketa</subfield>
   </datafield>
</record></metadata></record></GetRecord></OAI-PMH>